Medio ambiente y desarrollo
Đã lưu trong:
| Tác giả chính: | |
|---|---|
| Định dạng: | Sách |
| Ngôn ngữ: | Tiếng Tây Ban Nha |
| Được phát hành: |
Bogotá
Tercer Mundo
1992
|
| Phiên bản: | 2a. ed |
| Những chủ đề: | |
| Các nhãn: |
Thêm thẻ
Không có thẻ, Là người đầu tiên thẻ bản ghi này!
|
MARC
| LEADER | 00000nam a2200000 a 4500 | ||
|---|---|---|---|
| 001 | UCX6916 | ||
| 003 | CL-VaPUC | ||
| 008 | 930827e19920000CK |||||||||||||||||spa|d | ||
| 082 | 0 | 4 | |a 333.715 |b AMA |2 21 |
| 100 | 0 | |a Amaya, María Tereza |e author |9 323615 | |
| 245 | 1 | 0 | |a Medio ambiente y desarrollo |
| 250 | |a 2a. ed | ||
| 300 | |a 289 p | ||
| 942 | |c BK | ||
| 945 | |d 19930827 00:00:00 | ||
| 260 | |a Bogotá |b Tercer Mundo |c 1992 | ||
| 650 | 0 | |a Medio ambiente |9 257625 | |
| 651 | 0 | |a América Latina |9 255027 | |
| 583 | |a last modification |c 19930827 00:00:00 |k Rodrigo Vera | ||
| 999 | |c 226857 |d 226855 | ||
| 952 | |0 0 |1 0 |4 0 |6 333_715000000000000_AMA_1992 |7 0 |8 A |9 225474 |a BIBING |b BIBING |d 2019-11-15 |i 2941708 |o 333.715 AMA 1992 |p 2941708 |r 2025-01-20 |w 2019-11-15 |y BK |k GEO | ||
| 952 | |0 0 |1 0 |4 0 |6 333_715000000000000_AMA_1992 |7 0 |8 A |9 225475 |a BIBING |b BIBING |d 2019-11-15 |i 3159264 |o 333.715 AMA 1992 |p 3159264 |r 2025-01-20 |w 2019-11-15 |y BK |k GEO | ||
| 952 | |0 0 |1 0 |4 0 |6 333_715000000000000_AMA_1992 |7 0 |8 A |9 225476 |a BIBING |b BIBING |d 2019-11-15 |i 3162370 |o 333.715 AMA 1992 |p 3162370 |r 2025-01-20 |w 2019-11-15 |y BK |k GEO | ||